| Tag |
First Indicator |
Second Indicator |
Subfields |
| LEADER |
00000cam a2200000 i 4500 |
| 001 |
in00001350413 |
| 005 |
20171205140251.0 |
| 008 |
770906s1970 xx a 000 0 eng d |
| 035 |
|
|
|a (OCoLC)03244345
|
| 035 |
|
|
|9 AHG0353AM
|
| 040 |
|
|
|a INT
|c INT
|d OCL
|d TXA
|d UtOrBLW
|
| 049 |
|
|
|a TXAM
|
| 090 |
|
|
|a F392.G5
|b B3 1970
|
| 100 |
1 |
|
|a Barnett, John,
|c Jr.,
|d 1927-2010.
|
| 245 |
1 |
0 |
|a LBJ country /
|c by John Barnett.
|
| 264 |
|
1 |
|a [Place of publication not identified] :
|b Awani Press,
|c [1970?]
|
| 300 |
|
|
|a 40 pages :
|b illustrations (some color) ;
|c 18 cm.
|
| 336 |
|
|
|a text
|b txt
|2 rdacontent
|
| 337 |
|
|
|a unmediated
|b n
|2 rdamedia
|
| 338 |
|
|
|a volume
|b nc
|2 rdacarrier
|
| 500 |
|
|
|a "A guide to the Lyndon Baines Johnson National Historic Site (birthplace and boyhood home), Johnson City, the Texas White House, LBJ State Park, Hye, Stonewall, and Fredericksburg."
|
| 500 |
|
|
|a Cover title.
|
| 536 |
|
|
|a The Al Stonestreet Parks and Recreation Collection, 1997.
|
| 600 |
1 |
0 |
|a Johnson, Lyndon B.
|q (Lyndon Baines),
|d 1908-1973
|x Homes and haunts.
|
| 651 |
|
0 |
|a Blanco County (Tex.)
|v Pictorial works.
|
| 651 |
|
0 |
|a Gillespie County (Tex.)
|v Pictorial works.
|
| 999 |
|
|
|a MARS
|
| 999 |
f |
f |
|s c9908824-35f7-319f-a419-a8524bc3316f
|i 3bcd16bf-2ef2-3e34-816e-b1ac68eeda26
|t 0
|
| 952 |
f |
f |
|p noncirc
|a Texas A&M University
|b College Station
|c Cushing Memorial Library & Archives
|d Cushing: Stonestreet (Does not check out)
|t 0
|e F392.G5 B3 1970
|h Library of Congress classification
|i unmediated -- volume
|
| 952 |
f |
f |
|p ric
|a Texas A&M University
|b Rellis Campus
|c Joint Library Facility
|d Remote Storage
|t 0
|e F392.G5 B3 1970
|h Library of Congress classification
|i unmediated -- volume
|m A14820954983
|
| 998 |
f |
f |
|a F392.G5 B3 1970
|t 0
|l Cushing: Stonestreet (Does not check out)
|
| 998 |
f |
f |
|a F392.G5 B3 1970
|t 0
|l Remote Storage
|